00466nam a2200157Ia 4500008004100000020001400041082001400055100002600069245004400095250000800139260004500147300002600192500001900218600002100237650005000258240925s9999 xx 000 0 und d a130104701 a005.1 SCH aSchulmeyer ,G. Gordon 0aHand Book of Software Quality Assurance a3rd aNew Jersey:bPrintice- Hall Int.c,1999. ax,705p.bNAfOriginal aIncludes Index aComputer Science aComputer science, information & general works